Friends - Saison 4 - Statistiques

Statistiques générales
  • Ce quiz a été pris 2 474 fois
  • Le résultat moyen est 11 sur 16
Statistiques - réponses
Questions Réponses % Correct
Combien de pages, recto-verso, fait la lettre que Rachel demande à Ross de lire ? 18
94%
Quel animal Phoebe prend-elle pour la réincarnation de sa mère adoptive ? chat
94%
A cette occasion, Monica invite un ophtalmologiste à diner. De qui est-il le fils ? Richard
87%
Un démarcheur essaie de vendre une encyclopédie à Joey qui, faute d’argent, ne peut acheter qu’un tome. Quelle lettre achète-t-il ? V
87%
Lors du mariage de Ross, Monica, déprimée, va coucher avec quelqu'un. Mais qui ? Chandler
86%
Ross rencontre une fille venant d'angleterre, avec qui il va sortir. Comment s'appelle-t-elle ? Emily
84%
A la plage, Phoebe apprend que "l'autre Phoebe" est en réalité ... sa mère
83%
De quel instrumenent joue Ross, qui va beaucoup impressionné Phoebe ? Synthétiseur
75%
Pour quel évenement Phoebe et Monica travaillent-t-elles ensemble à la préparation d’un buffet ? Funérailles
71%
Ou prétend être muté Chandler pour pouvoir échapper à Janice ? Yémen
64%
Comment s'appelle la petite amie de Joey, dont Chandler tombe amoureux ? Kathy
51%
Lors de la soirée d'enterrement de vie de garçon de Ross, qui va réellement avoir pris l'alliance ? le canard
51%
Lors de l'emménagement de Chandler et Joey dans l'appartement des filles, qui hurle " ma soeur va avoir mon bébé " ? Franck jr
38%
Ross sort avec la très jolie Cheryl, qui s’avère être souillon et très désordonnée. Quel est son métier ? Paléontologue
37%
Ou Chandler accepte-t-il de passer Thanksgiving pour prouver son amitié à Joey après avoir embrassé sa petite-amie ? Dans une caisse
32%
Quel est le nom du concierge de l'immeuble, qui fait pleurer Rachel ? Mr Treeger
32%
Aucun quiz correspondant
Distribution des résultats
% des personnes avec chaque résultat
Percentile par nombre de réponses
Votre historique - résultats
Vous n’avez pas pris ce quiz